Introduction to RF stealth (Record no. 11838)

000 -LEADER
fixed length control field 00372nam a22001457a 4500
020 ## - INTERNATIONAL STANDARD BOOK NUMBER
International Standard Book Number 9781891121210
082 ## - DEWEY DECIMAL CLASSIFICATION NUMBER
Classification number 623.7464 LYN
100 ## - MAIN ENTRY--PERSONAL NAME
Personal name Lynch, David
245 ## - TITLE STATEMENT
Title Introduction to RF stealth
260 ## - PUBLICATION, DISTRIBUTION, ETC.
Place of publication, distribution, etc. New York
Name of publisher, distributor, etc. Scitech Publishing
Date of publication, distribution, etc. 2004
300 ## - PHYSICAL DESCRIPTION
Extent xv, 576p. :
Accompanying material 25 cm
650 ## - SUBJECT ADDED ENTRY--TOPICAL TERM
Topical term or geographic name entry element Low probability of intercept radar
700 ## - ADDED ENTRY--PERSONAL NAME
Personal name David Lynch
942 ## - ADDED ENTRY ELEMENTS (KOHA)
Koha item type Book
Holdings
Withdrawn status Lost status Damaged status Not for loan Collection code Permanent Location Current Location Shelving location Date acquired Source of acquisition Cost, normal purchase price Total Checkouts Full call number Barcode Date last seen Date last checked out Price effective from Koha item type
          Central Library (CL) Central Library (CL) General Stacks 05/08/2013 Allied Book Company 11576.89 1 623.7464 LYN SEECS012337 07/17/2023 09/28/2021 05/14/2013 Book
© 2023 Central Library, National University of Sciences and Technology. All Rights Reserved.